Who Said That in the Flying Circus? Quiz Stats

 Plays Quiz Updated Oct 5, 2019

Score 0/13 Timer 04:00
1 Play Today
Question Answer Wrong Answers
'Wink wink, nudge nudge. Say no more, say no more.' Idle
82.5%
Jones
7.6%
'I wanted to be a lumberjack. Leaping from tree to tree as they float down the mighty rivers of British Columbia!' Palin
81.1%
Chapman
9.1%
'Shortly after 11 o'clock, comedy struck this little house in Dibley Road. Sudden, violent comedy!' Jones
74.4%
Palin
15.6%
'Now, it's quite simple to defend yourself against the banana-fiend.' Cleese
73.4%
Palin
17.2%
'Now, nobody likes a good laugh more than I do.' Chapman
70.4%
Cleese
20.4%
'I've got a bit of a dirty fork. Could you get me another one?' Chapman
69.9%
Palin
19.9%
'You don't think it might be better if you worked your way towards lion taming, say via banking, or...' Cleese
69.5%
Palin
20.6%
'Now, first of all, why would anyone turn into a Scotsman?' Chapman
66%
Cleese
24.5%
'It's not a palindrome; the palindrome of Bolton would be Notlob.' Cleese
59.3%
Palin
30.6%
'Good night, ding-ding-ding-ding-ding.' Cleese
55%
Chapman
35.4%
'We don't seem to be doing anything illegal.' Jones
52.6%
Palin
37.4%
'Now, alduce me to introlow myself. I'm sorry. Alself me myduce...introme tolose my lower...' Cleese
51.9%
Chapman
38.2%
'You wouldn't have had much fun in Stalingrad, would you?' Jones
49.3%
Cleese
40.6%

You're not logged in!

Compare scores with friends on all Sporcle quizzes.
OR
Log In

Sporcle TV

Today on Sporcle TV


Watch our educational content, quiz creation guides, and fun videos on Sporcle TV.

Show Comments

Extras

Top Quizzes Today


Score Distribution

Your Account Isn't Verified!

In order to create a playlist on Sporcle, you need to verify the email address you used during registration. Go to your Sporcle Settings to finish the process.

Report this User

Report this user for behavior that violates our Community Guidelines.

Details: